[Event "London Classic Open 2016"]
[Site "London ENG"]
[Date "2016.12.09"]
[Round "1.73"]
[White "Osborne, Marcus E"]
[Black "Johnson, Daniel"]
[Result "1-0"]
[WhiteElo "2257"]
[BlackElo "1877"]
[WhiteFideId "404608"]
[BlackFideId "1721283"]
[EventDate "2016.12.09"]

1. e4 e6 2. d4 d5 3. Nd2 Nf6 4. e5 Nfd7 5. c3 c5 6. Bd3 Nc6 7. Ne2 Be7 8. O-O
O-O 9. Re1 cxd4 10. cxd4 Qb6 11. Nf3 Kh8 12. Bc2 a5 13. Qd3 f5 14. exf6 Nxf6 15.
a3 g6 16. Bh6 Bd7 17. Ng5 e5 18. Bxf8 Rxf8 19. Nh3 Ne4 20. Qb3 Qxb3 21. Bxb3
Bxh3 22. gxh3 Bh4 23. Bxd5 Bxf2+ 24. Kg2 Bxe1 25. Rxe1 Nd6 26. Bxc6 bxc6 27.
dxe5 Nc4 28. Nd4 c5 29. Nb5 Re8 30. e6 Nxb2 31. e7 Nd3 32. Re4 Nf4+ 33. Rxf4
Rxe7 34. Ra4 Re2+ 35. Kg1 Rb2 36. Rxa5 c4 37. a4 Kg7 38. Ra7+ Kh6 39. Rc7 Rb4
40. Nc3 Kg5 41. Rc5+ Kf4 42. Nd5+ 1-0

[Event "London Classic Open 2016"]
[Site "London ENG"]
[Date "2016.12.09"]
[Round "1.74"]
[White "Ratnesan, Ranesh"]
[Black "Nandhidhaa, PV"]
[Result "0-1"]
[BlackTitle "WIM"]
[WhiteElo "1875"]
[BlackElo "2251"]
[WhiteFideId "439339"]
[BlackFideId "5050847"]
[EventDate "2016.12.09"]

1. d4 d5 2. c4 e6 3. Nc3 Nf6 4. Bg5 Be7 5. e3 h6 6. Bxf6 Bxf6 7. Nf3 O-O 8. Qd2
b6 9. Bd3 dxc4 10. Bxc4 Bb7 11. e4 c5 12. Rd1 cxd4 13. Nxd4 Qc7 14. Be2 Rd8 15.
Qe3 Qc5 16. Nc2 Rxd1+ 17. Bxd1 Bxc3+ 18. Qxc3 Qxc3+ 19. bxc3 Bxe4 20. Ne3 Nd7
21. Bc2 Bxc2 22. Nxc2 Rc8 23. Kd2 Nc5 24. f3 Na4 25. Nd4 e5 26. Ne2 Nb2 27. Rb1
Rd8+ 28. Ke3 Nc4+ 29. Kf2 Rd2 30. Rb4 Na3 31. Ke3 Rxa2 32. Kd3 b5 33. Rb3 a6 34.
Nc1 Ra1 35. Ne2 Rd1+ 36. Ke3 Nc4+ 37. Kf2 Rd5 38. Rb1 a5 39. g3 a4 40. Ke1 a3
41. Nc1 Nb2 42. Na2 Kf8 43. Ke2 Nc4 44. Rd1 Rxd1 45. Kxd1 Ke7 46. Ke2 Kd6 47.
Kd3 f5 48. h4 Kc5 49. Nb4 Nb2+ 50. Kc2 e4 51. fxe4 fxe4 52. Kb3 Nc4 53. Kc2 Kd6
54. Kd1 Ne3+ 55. Ke2 Nd5 56. Na2 Kc5 57. Kd2 Kc4 58. Kc2 h5 0-1

[Event "London Classic Open 2016"]
[Site "London ENG"]
[Date "2016.12.09"]
[Round "1.75"]
[White "Merriman, John"]
[Black "Johnson, Paul A"]
[Result "1-0"]
[WhiteElo "2243"]
[BlackElo "1866"]
[WhiteFideId "402362"]
[BlackFideId "415677"]
[EventDate "2016.12.09"]

1. d4 d5 2. c4 c6 3. Nc3 Nf6 4. e3 e6 5. Nf3 Nbd7 6. Qc2 Bd6 7. Bd2 O-O 8. O-O-O
Re8 9. Kb1 b6 10. e4 dxe4 11. Nxe4 Be7 12. Bd3 h6 13. Rhg1 Bb7 14. Ne5 Nxe5 15.
dxe5 Nxe4 16. Bxe4 Qc7 17. f4 Bc5 18. Rge1 Bd4 19. Be3 Bxe3 20. Rxe3 Red8 21.
Red3 Rxd3 22. Qxd3 c5 23. Bxb7 Qxb7 24. Rd2 Qe7 25. g3 Re8 26. Kc2 g6 27. Kb3
Qb7 28. Qd7 Re7 29. Qxb7 Rxb7 30. Ka4 a6 31. Rd8+ Kg7 32. Ra8 b5+ 33. Kb3 Rb6
34. Rc8 bxc4+ 35. Kc2 Rb5 36. Rc6 Ra5 37. a3 g5 38. fxg5 hxg5 39. Kc3 Rb5 40.
Rxa6 Rb3+ 41. Kc2 Re3 42. Rc6 Re2+ 43. Kc3 Rxh2 44. a4 Rh3 45. a5 Rxg3+ 46. Kxc4
Rg4+ 47. Kxc5 Ra4 48. Kb5 Ra2 49. b4 g4 50. Ka6 Kg6 51. b5 g3 52. b6 g2 53. Rc1
Rb2 54. b7 Kf5 55. Ka7 Kxe5 56. b8=Q+ Rxb8 57. Kxb8 Kf4 58. a6 1-0

[Event "London Classic Open 2016"]
[Site "London ENG"]
[Date "2016.12.09"]
[Round "1.76"]
[White "Fernandez Aransay, Fernando"]
[Black "Rydstrom, Tom"]
[Result "0-1"]
[BlackTitle "FM"]
[WhiteElo "1862"]
[BlackElo "2239"]
[WhiteFideId "2216280"]
[BlackFideId "1714830"]
[EventDate "2016.12.09"]

1. e4 e5 2. Nf3 Nc6 3. Bb5 a6 4. Bxc6 dxc6 5. Nc3 f6 6. d4 exd4 7. Nxd4 c5 8.
Nde2 Qxd1+ 9. Nxd1 Bd7 10. Bf4 O-O-O 11. Ne3 Ne7 12. Rd1 h5 13. h4 Ng6 14. Bg3
Ne5 15. Bxe5 fxe5 16. f3 b5 17. g4 hxg4 18. fxg4 Be7 19. h5 Bg5 20. Nf5 g6 21.
Nfg3 Bxg4 22. hxg6 Rxh1+ 23. Nxh1 Bh4+ 24. Nhg3 Bxg3+ 25. Nxg3 Rxd1+ 26. Kf2 Rd6
27. Nf5 Bxf5 28. exf5 Rf6 29. g7 Rxf5+ 30. Ke3 Rg5 0-1

[Event "London Classic Open 2016"]
[Site "London ENG"]
[Date "2016.12.09"]
[Round "1.77"]
[White "Player, Edmund C"]
[Black "Alderson, John K A"]
[Result "1-0"]
[WhiteElo "2239"]
[BlackElo "1839"]
[WhiteFideId "406520"]
[BlackFideId "422711"]
[EventDate "2016.12.09"]

1. e4 d6 2. d4 Nf6 3. Nc3 g6 4. Be3 Bg7 5. Nf3 Bg4 6. Be2 Nc6 7. d5 Nb8 8. Qd2
Nbd7 9. h3 Bxf3 10. Bxf3 a6 11. O-O O-O 12. a4 Ne5 13. Be2 c5 14. a5 Qc7 15.
Rfe1 Ned7 16. Ra2 Rfb8 17. f3 Rf8 18. Nb1 Rae8 19. Rd1 Nh5 20. f4 Ng3 21. Bf3 f5
22. exf5 Nxf5 23. Bf2 Rf6 24. Nc3 Rf7 25. Ne2 Ref8 26. c3 Bf6 27. Be4 Ng7 28.
Re1 Qc8 29. Rf1 Ne8 30. Qc2 Bg7 31. Bf3 Bh6 32. Be3 Ne5 33. Be4 Nc4 34. Bc1 Ne5
35. Re1 Nd7 36. Bf3 Ndf6 37. Be3 Qf5 38. Qxf5 gxf5 39. Ra3 Nc7 40. c4 Rb8 41.
Ng3 Nd7 42. Bh5 Rf6 43. Bd2 e5 44. dxe6 Nxe6 45. Bc3 Nd4 46. Re7 Bxf4 47. Bxd4
cxd4 48. Rxd7 1-0

[Event "London Classic Open 2016"]
[Site "London ENG"]
[Date "2016.12.09"]
[Round "1.78"]
[White "Cole, James"]
[Black "Stephan, Axel"]
[Result "1/2-1/2"]
[WhiteElo "1827"]
[BlackElo "2239"]
[WhiteFideId "431818"]
[BlackFideId "4632834"]
[EventDate "2016.12.09"]

1. e4 c5 2. Nf3 e6 3. d3 Nc6 4. g3 d5 5. Nbd2 Nf6 6. Bg2 b6 7. O-O Bb7 8. e5 Nd7
9. Re1 Qc7 10. Qe2 Be7 11. h4 h6 12. h5 d4 13. c4 O-O-O 14. a3 a5 15. Ne4 Ndxe5
16. Nxe5 Qxe5 17. Bf4 Qf5 18. Kh2 g5 19. hxg6 Qxg6 20. b4 cxb4 21. axb4 Bxb4 22.
c5 Bxe1 23. Qxe1 e5 24. Bd2 h5 25. cxb6 h4 26. g4 h3 27. Bf3 f5 28. Nc5 e4 29.
Nxb7 Ne5 30. Qc1+ Kd7 31. Qc7+ Ke6 32. Nxd8+ Rxd8 33. Qxd8 Nxf3+ 34. Kh1 Qxg4
35. Qe8+ Kf6 36. Qf8+ Ke6 37. Qe8+ 1/2-1/2

[Event "London Classic Open 2016"]
[Site "London ENG"]
[Date "2016.12.09"]
[Round "1.79"]
[White "Hill, Alistair"]
[Black "Siddharth, Gopakumar"]
[Result "1-0"]
[WhiteElo "2237"]
[BlackElo "1822"]
[WhiteFideId "432407"]
[BlackFideId "5053463"]
[EventDate "2016.12.09"]

1. d4 d5 2. c4 c6 3. Nf3 Nf6 4. e3 g6 5. Be2 Bg7 6. O-O O-O 7. Nc3 Bg4 8. h3
Bxf3 9. Bxf3 e6 10. b3 Nbd7 11. Bb2 Re8 12. Qd2 Nb6 13. Qe2 Qe7 14. Rfd1 a5 15.
Rab1 a4 16. c5 Nbd7 17. Nxa4 e5 18. Qd2 exd4 19. exd4 Ne4 20. Bxe4 Qxe4 21. Re1
Qh4 22. Nb6 Nxb6 23. cxb6 Re4 24. Rxe4 dxe4 25. d5 Rd8 26. Bxg7 Rxd5 27. Qc3 Rf5
28. Bd4 1-0

[Event "London Classic Open 2016"]
[Site "London ENG"]
[Date "2016.12.09"]
[Round "1.80"]
[White "Giakoustidis, Spiros-Avgerinos"]
[Black "Aradhya, Garg"]
[Result "1-0"]
[WhiteElo "1800"]
[BlackElo "2231"]
[WhiteFideId "4208668"]
[BlackFideId "25006746"]
[EventDate "2016.12.09"]

1. d4 d5 2. c4 c6 3. Nc3 Nf6 4. cxd5 cxd5 5. Nf3 Nc6 6. Bf4 a6 7. e3 e6 8. Ne5
Bd6 9. Nxc6 bxc6 10. Bxd6 Qxd6 11. Bd3 O-O 12. Rc1 e5 13. Ne2 exd4 14. Nxd4 c5
15. Ne2 Rb8 16. b3 Rd8 17. O-O Ng4 18. Ng3 h5 19. h3 Ne5 20. Nxh5 a5 21. Re1 Ba6
22. Bxa6 Qxa6 23. Rc3 d4 24. exd4 Rxd4 25. Qe2 Nd3 26. Rxd3 1-0

[Event "London Classic Open 2016"]
[Site "London ENG"]
[Date "2016.12.09"]
[Round "1.81"]
[White "Chan, Kim Yew"]
[Black "Jekel, Wolfgang"]
[Result "1-0"]
[WhiteElo "2231"]
[BlackElo "1790"]
[WhiteFideId "5717981"]
[BlackFideId "4690370"]
[EventDate "2016.12.09"]

1. d4 Nf6 2. c4 d6 3. Nf3 Nbd7 4. g3 e5 5. Bg2 Be7 6. O-O O-O 7. Nc3 c6 8. e4
Re8 9. h3 Qc7 10. Be3 Nf8 11. d5 c5 12. Ne1 Ng6 13. Nd3 h6 14. Qd2 Nh7 15. Kh1
f5 16. Rae1 Rf8 17. f4 exf4 18. Nxf4 Nxf4 19. Bxf4 Bg5 20. e5 dxe5 21. d6 Qd8
22. Bxg5 Nxg5 23. Rxe5 f4 24. Rxf4 Bxh3 25. Re7 Bxg2+ 26. Kxg2 Re8 27. Qd5+ Kh8
28. Qe5 Rg8 29. Rh4 1-0

[Event "London Classic Open 2016"]
[Site "London ENG"]
[Date "2016.12.09"]
[Round "1.82"]
[White "Bin-Suhayl, Yousuf"]
[Black "Kett, Tim"]
[Result "0-1"]
[WhiteElo "1788"]
[BlackElo "2228"]
[WhiteFideId "427012"]
[BlackFideId "1801210"]
[EventDate "2016.12.09"]

1. b4 e5 2. a3 d5 3. Bb2 Bd6 4. e3 Nf6 5. Nf3 Qe7 6. c4 c6 7. Be2 O-O 8. O-O Re8
9. cxd5 cxd5 10. Nc3 e4 11. Nd4 Nc6 12. Nxc6 bxc6 13. Na4 a5 14. Nb6 Bxh2+ 15.
Kh1 Nd7 16. Nxd7 Qh4 17. Nf6+ Kh8 18. Ng4 Bd6+ 19. Kg1 Bxg4 20. g3 Bxg3 21. fxg3
Qxg3+ 22. Kh1 Re6 23. Bxg4 Rh6+ 24. Bh5 Qh3+ 25. Kg1 Rxh5 26. Be5 Rg5+ 27. Kf2
Rg2+ 28. Ke1 Qh4+ 29. Bg3 Qxg3+ 30. Rf2 Qxf2# 0-1

[Event "London Classic Open 2016"]
[Site "London ENG"]
[Date "2016.12.09"]
[Round "1.83"]
[White "Boel, Marcel"]
[Black "Islam, Mohammed"]
[Result "1-0"]
[WhiteElo "2219"]
[BlackElo "1788"]
[WhiteFideId "1008870"]
[BlackFideId "10211870"]
[EventDate "2016.12.09"]

1. e4 e5 2. Nf3 Nc6 3. Bb5 a6 4. Ba4 Nf6 5. O-O b5 6. Bb3 Be7 7. Re1 d6 8. c3
O-O 9. h3 Nb8 10. d4 Nbd7 11. Nbd2 c5 12. Nf1 Bb7 13. d5 a5 14. Ng3 Re8 15. Nf5
Bf8 16. Nh2 h6 17. Bc2 a4 18. Be3 Qc7 19. Qd2 Kh7 20. g4 c4 21. g5 hxg5 22. Nf3
g4 23. Ng5+ Kg8 24. hxg4 Nxg4 25. f3 Nxe3 26. Qh2 Nf6 27. Nxe3 Bc8 28. Kf2 g6
29. Rh1 Nh5 30. Rag1 Bg7 31. a3 Ra7 32. Ke2 b4 33. axb4 a3 34. bxa3 Rxa3 35. Kd2
Bd7 36. Qe2 Bb5 37. Rxh5 gxh5 38. Nf5 Qa7 39. Nh3 Rxc3 40. Rxg7+ Kf8 41. Rg8+ 1-0

[Event "London Classic Open 2016"]
[Site "London ENG"]
[Date "2016.12.09"]
[Round "1.84"]
[White "Mohnblatt, Daniel"]
[Black "Grant, Jonathan I M"]
[Result "0-1"]
[WhiteElo "1769"]
[BlackElo "2218"]
[WhiteFideId "648582"]
[BlackFideId "2400294"]
[EventDate "2016.12.09"]

1. d4 Nf6 2. Nf3 b5 3. e3 a6 4. c4 bxc4 5. Bxc4 d5 6. Bd3 Bg4 7. Qa4+ Qd7 8.
Qxd7+ Nbxd7 9. Ne5 Bh5 10. b3 e6 11. Ba3 c5 12. O-O Bg6 13. Nxg6 hxg6 14. Rc1
cxd4 15. Bxf8 Kxf8 16. exd4 Rh4 17. Na3 Rxd4 18. Bf1 Rd2 19. Rc6 Ne4 20. f3 Ne5
21. Rxa6 Rxa6 22. Bxa6 Nc3 23. b4 Rb2 24. b5 d4 25. f4 Ne2+ 26. Kf1 Nxf4 27. Rb1
Rxb1+ 28. Nxb1 Nc4 29. g3 Nd5 30. Bb7 Nc3 31. Nxc3 dxc3 0-1

[Event "London Classic Open 2016"]
[Site "London ENG"]
[Date "2016.12.09"]
[Round "1.85"]
[White "Willmoth, Robert F"]
[Black "Saksham, Rautela"]
[Result "1-0"]
[WhiteTitle "CM"]
[WhiteElo "2216"]
[BlackElo "1768"]
[WhiteFideId "402540"]
[BlackFideId "35046977"]
[EventDate "2016.12.09"]

1. Nf3 Nf6 2. b3 e6 3. Bb2 c5 4. e3 Nc6 5. g3 d5 6. Bg2 Be7 7. O-O O-O 8. c4 Qc7
9. Nc3 a6 10. cxd5 exd5 11. d4 Be6 12. Rc1 Rfd8 13. dxc5 Bxc5 14. Na4 Be7 15.
Nd4 Bg4 16. Qc2 Rac8 17. h3 Bd7 18. Nf5 Bxf5 19. Qxf5 g6 20. Qb1 b5 21. Nc3 Qb6
22. Ne2 Na7 23. Bd4 Bc5 24. Rxc5 Rxc5 25. b4 1-0

[Event "London Classic Open 2016"]
[Site "London ENG"]
[Date "2016.12.09"]
[Round "1.86"]
[White "Mulay, Partha"]
[Black "Bukojemski, Adam"]
[Result "0-1"]
[WhiteElo "1767"]
[BlackElo "2214"]
[WhiteFideId "436038"]
[BlackFideId "1114620"]
[EventDate "2016.12.09"]

1. e4 d6 2. d4 Nf6 3. Nc3 g6 4. Be2 Bg7 5. h4 c5 6. dxc5 Qa5 7. Bd2 Qxc5 8. Be3
Qa5 9. Qd2 Nc6 10. h5 Ng4 11. Bxg4 Bxg4 12. hxg6 hxg6 13. Rxh8+ Bxh8 14. f3 Be6
15. Nge2 Ne5 16. Nd5 Qxd2+ 17. Bxd2 Bxd5 18. exd5 Nc4 19. Bc3 O-O-O 20. O-O-O
Ne3 21. Rh1 Bxc3 22. Nxc3 Nxg2 23. Rh7 Rf8 24. Kd2 Nf4 25. Ke3 Nh5 26. Kd4 Nf6
27. Rg7 Kd7 28. a4 Ke8 29. b4 Rh8 0-1

[Event "London Classic Open 2016"]
[Site "London ENG"]
[Date "2016.12.09"]
[Round "1.87"]
[White "Czajkowski, Adam"]
[Black "Cotter, Len"]
[Result "1-0"]
[WhiteElo "2212"]
[BlackElo "1758"]
[WhiteFideId "1151932"]
[BlackFideId "431419"]
[EventDate "2016.12.09"]

1. e4 c5 2. Nf3 d6 3. d4 cxd4 4. Nxd4 Nf6 5. Nc3 a6 6. h3 e5 7. Nde2 Be6 8. g4
h6 9. Bg2 Be7 10. O-O Nc6 11. Ng3 Rc8 12. Nd5 Bxd5 13. exd5 Nd4 14. c3 Nb5 15.
Qb3 Qd7 16. a4 Na7 17. Be3 Ra8 18. c4 Nc8 19. f4 exf4 20. Rxf4 O-O 21. Raf1 Nh7
22. Bd4 Bf6 23. Rxf6 Nxf6 24. Rxf6 Ne7 25. Nh5 g6 26. Rxd6 Qxd6 27. Nf6+ Qxf6
28. Bxf6 Rfe8 29. d6 Nc6 30. Bxc6 bxc6 31. d7 Red8 32. Qe3 1-0

[Event "London Classic Open 2016"]
[Site "London ENG"]
[Date "2016.12.09"]
[Round "1.88"]
[White "Kalerwa, Edwin M"]
[Black "Thuesen, Mogens"]
[Result "0-1"]
[WhiteElo "1756"]
[BlackElo "2212"]
[WhiteFideId "422223"]
[BlackFideId "1400878"]
[EventDate "2016.12.09"]

1. d4 f5 2. c4 Nf6 3. Nc3 g6 4. Bg5 Bg7 5. e3 d6 6. Bd3 Nbd7 7. Nge2 e5 8. f3
O-O 9. O-O c6 10. b4 h6 11. Bh4 Qe8 12. Rb1 g5 13. Bf2 e4 14. Bc2 Nb6 15. c5 Nc4
16. fxe4 fxe4 17. Bb3 Be6 18. h3 b5 19. a4 a6 20. Qc1 dxc5 21. bxc5 Na5 22. Bc2
Bc4 23. Rd1 Ra7 24. Bg3 Qh5 25. Qd2 Bxe2 26. Qxe2 Qxe2 27. Nxe2 Nd5 28. Bxe4
Nxe3 29. Rd3 Nf5 30. Bf2 Re7 31. Bf3 Nc4 32. Nc3 Rd8 33. axb5 axb5 34. Ne2 Rc7
35. Bg4 Ne7 36. Bg3 Be5 37. Be6+ Kg7 38. Rf3 Bxg3 39. Rxg3 Nd5 40. Bxd5 Rxd5 41.
h4 Re7 42. hxg5 Rxe2 43. gxh6+ Kxh6 44. Rf1 Rg5 45. Rf6+ Kg7 46. Rgf3 Rgxg2+ 47.
Kh1 Rh2+ 48. Kg1 Reg2+ 49. Kf1 Nd2+ 0-1

[Event "London Classic Open 2016"]
[Site "London ENG"]
[Date "2016.12.09"]
[Round "1.89"]
[White "Haessel, Dale R."]
[Black "De Lagontrie, Jean"]
[Result "1-0"]
[WhiteTitle "FM"]
[WhiteElo "2208"]
[BlackElo "1746"]
[WhiteFideId "2012618"]
[BlackFideId "605271"]
[EventDate "2016.12.09"]

1. d4 d5 2. c4 c6 3. Nc3 Nf6 4. e3 e6 5. Nf3 Nbd7 6. Qc2 Bd6 7. b3 O-O 8. Be2 e5
9. cxd5 cxd5 10. dxe5 Nxe5 11. Bb2 Nxf3+ 12. Bxf3 Be6 13. O-O Rc8 14. Rfd1 Qa5
15. Rac1 Rfd8 16. Qb1 Be7 17. h3 b5 18. Nxd5 Nxd5 19. Rxc8 Bxc8 20. Rxd5 Rxd5
21. Bxd5 b4 22. Qe4 Bf8 23. Qc4 Ba6 24. Bxf7+ Kh8 25. Qc6 Be2 26. Qe8 Qc5 27.
Bd4 Qd6 28. Be6 Bh5 29. Qxh5 Qxe6 30. Qe5 Qc8 31. Bxa7 Qc1+ 32. Kh2 Qc2 33. Qf4
Qc8 34. Qb8 Qf5 35. Qf4 Qc8 36. g3 h6 37. Bd4 Kh7 38. Qe4+ Kg8 39. Qd5+ Kh7 40.
Qf7 Qd8 41. Kg2 Qa8+ 42. Qf3 Qc8 43. g4 Kh8 44. Qf7 Qa8+ 45. Kh2 Qc8 46. Kg3 Qd8
47. h4 Qc8 48. g5 hxg5 49. hxg5 Qa8 50. Qh5+ Kg8 51. g6 Bd6+ 52. f4 Qxa2 53.
Qh7+ Kf8 54. Qxg7+ Ke8 55. Qf7+ Kd8 56. g7 1-0

[Event "London Classic Open 2016"]
[Site "London ENG"]
[Date "2016.12.09"]
[Round "1.90"]
[White "Chilton, James I"]
[Black "Gurevich, Artjom"]
[Result "0-1"]
[WhiteElo "1740"]
[BlackElo "2207"]
[WhiteFideId "423009"]
[BlackFideId "2603870"]
[EventDate "2016.12.09"]

1. e4 d5 2. exd5 Nf6 3. d4 Nxd5 4. c4 Nb6 5. Nc3 e5 6. Nf3 exd4 7. Qxd4 Qxd4 8.
Nxd4 Bb4 9. Nb5 Na6 10. a3 Be7 11. Bf4 Be6 12. b3 O-O 13. Be2 c6 14. Nd6 g5 15.
Be5 Nd7 16. Bg3 f5 17. Nxb7 f4 18. Ne4 fxg3 19. hxg3 Bf5 20. Ned6 Rab8 21. O-O-O
Bg6 22. Bg4 Ndc5 23. Na5 Nd3+ 24. Rxd3 Bxd3 25. Nxc6 Bxd6 26. Rd1 Rxb3 27. Be6+
Kg7 28. c5 Rb1+ 0-1

[Event "London Classic Open 2016"]
[Site "London ENG"]
[Date "2016.12.09"]
[Round "1.92"]
[White "Ainsworth, George"]
[Black "Lyell, Mark"]
[Result "0-1"]
[BlackTitle "FM"]
[WhiteElo "1711"]
[BlackElo "2203"]
[WhiteFideId "449636"]
[BlackFideId "402354"]
[EventDate "2016.12.09"]

1. e4 c6 2. d4 d5 3. Nc3 dxe4 4. Nxe4 Nf6 5. Ng3 g6 6. Nf3 Bg7 7. h3 c5 8. c3
cxd4 9. Nxd4 O-O 10. Bc4 a6 11. O-O b5 12. Bb3 Bb7 13. Re1 Qc7 14. Qe2 Nc6 15.
Nf3 Rad8 16. Bd2 Na5 17. Rad1 Nxb3 18. axb3 Bd5 19. b4 Qb7 20. Nh4 Rd7 21. Be3
Rfd8 22. Bd4 Bb3 23. Ra1 Bd5 24. Nf3 Bxf3 25. gxf3 Nd5 26. Bxg7 Kxg7 27. Qe4 Rd6
28. Qg4 Qd7 29. Qxd7 R8xd7 30. Ne4 Re6 31. Red1 Nb6 32. Nc5 Rxd1+ 33. Rxd1 Re2
34. Ra1 Rxb2 35. Rxa6 Nd5 36. Ra5 Nxc3 37. Na6 Kf6 38. Ra3 Nd1 39. Nc7 Nxf2 40.
Nxb5 Nxh3+ 41. Kf1 Rxb4 42. Nc3 Rb2 43. Ne4+ Ke5 44. Re3 Kf4 45. Rc3 f5 46. Nc5
Rf2+ 47. Ke1 Rxf3 48. Ne6+ Kg3 49. Rc7 Re3+ 0-1

[Event "London Classic Open 2016"]
[Site "London ENG"]
[Date "2016.12.09"]
[Round "1.93"]
[White "Haribalu, V."]
[Black "Dror, Levi"]
[Result "1-0"]
[WhiteElo "2201"]
[BlackElo "1698"]
[WhiteFideId "5015189"]
[BlackFideId "2809583"]
[EventDate "2016.12.09"]

1. e4 e6 2. d4 d5 3. Nd2 Nf6 4. e5 Nfd7 5. f4 c5 6. c3 Nc6 7. Ndf3 Qb6 8. g3
cxd4 9. cxd4 Bb4+ 10. Kf2 g5 11. fxg5 Ndxe5 12. Nxe5 Nxe5 13. Kg2 Nc6 14. Nf3
Bd7 15. Be2 O-O-O 16. Bf4 Bf8 17. b4 Bg7 18. b5 1-0

[Event "London Classic Open 2016"]
[Site "London ENG"]
[Date "2016.12.09"]
[Round "1.94"]
[White "Kretov, Ivan"]
[Black "Semprun Martinez, Fernando"]
[Result "0-1"]
[WhiteElo "1674"]
[BlackElo "2193"]
[WhiteFideId "24194484"]
[BlackFideId "2203170"]
[EventDate "2016.12.09"]

1. d4 Nf6 2. c4 g6 3. Nc3 Bg7 4. e4 d6 5. f3 O-O 6. Be3 c5 7. d5 e6 8. Bd3 exd5
9. cxd5 a6 10. a4 Nbd7 11. Nge2 Ne5 12. O-O Nh5 13. Qd2 Bd7 14. Nf4 c4 15. Nxh5
gxh5 16. Be2 Qf6 17. f4 Ng4 18. Bxc4 Nxe3 19. Qxe3 Qd4 20. Qxd4 Bxd4+ 21. Kh1
Rac8 22. Be2 h4 23. Rf3 Rfe8 24. f5 Bxc3 25. bxc3 Rxe4 26. Bd3 Rxa4 27. Rxa4
Bxa4 28. c4 f6 29. Kg1 b5 30. Rf4 b4 31. Rg4+ Kf8 32. Rxh4 Rc7 33. Re4 Re7 34.
Rxe7 Kxe7 35. Kf2 a5 36. Ke1 Bb3 37. Kd2 a4 38. Kc1 a3 39. g4 Ba2 40. h4 b3 41.
g5 b2+ 42. Kd2 b1=Q 43. Bxb1 Bxb1 44. Kc3 Bxf5 45. Kb3 Bd3 46. c5 dxc5 47. Kxa3
fxg5 48. hxg5 Kd6 0-1

[Event "London Classic Open 2016"]
[Site "London ENG"]
[Date "2016.12.09"]
[Round "1.95"]
[White "Gaudeau, Valentin"]
[Black "Rushbrooke, Remy"]
[Result "1-0"]
[WhiteElo "2182"]
[BlackElo "1651"]
[WhiteFideId "662216"]
[BlackFideId "443590"]
[EventDate "2016.12.09"]

1. d4 f5 2. c4 Nf6 3. Nc3 e6 4. Nf3 Be7 5. g3 d5 6. Bg2 c6 7. O-O Nbd7 8. Ng5
Nf8 9. e3 h6 10. Nf3 N8d7 11. Ne2 g5 12. b3 Ne4 13. Ne1 Nd6 14. Qc2 h5 15. Bb2
b6 16. f3 Ba6 17. e4 Rg8 18. e5 Nf7 19. g4 hxg4 20. fxg4 f4 21. h4 Nf8 22. cxd5
cxd5 23. Qc6+ Nd7 24. Rf2 Rg6 25. h5 Rh6 26. Qa4 Bxe2 27. Rxe2 a6 28. Qc6 Rc8
29. Qb7 Nfxe5 30. Rxe5 Nxe5 31. dxe5 a5 32. Bd4 Rb8 33. Qc6+ Qd7 34. Rc1 b5 35.
Nd3 Rh8 36. Qc2 Ba3 37. Nc5 Bxc5 38. Bxc5 Qh7 39. Qd2 Qc7 40. Bd6 Qa7+ 41. Kh1
Ra8 42. Qd3 Qe3 43. Qg6+ 1-0

[Event "London Classic Open 2016"]
[Site "London ENG"]
[Date "2016.12.09"]
[Round "1.96"]
[White "Balaji, Aaravamudhan"]
[Black "Ilfeld, Etan"]
[Result "0-1"]
[WhiteElo "1634"]
[BlackElo "2181"]
[WhiteFideId "436224"]
[BlackFideId "2803470"]
[EventDate "2016.12.09"]

1. e4 e5 2. Nf3 Nc6 3. Bb5 a6 4. Ba4 d6 5. d4 b5 6. Bb3 Nxd4 7. Nxd4 exd4 8.
Qxd4 c5 9. Qd5 Be6 10. Qc6+ Bd7 11. Qd5 c4 12. Bxc4 bxc4 13. Qxc4 Nf6 14. f4 Be7
15. Nc3 Qb6 16. e5 Rc8 17. Qe2 dxe5 18. fxe5 Ng4 19. h3 Bh4+ 20. Kf1 Rxc3 21.
bxc3 Bb5 22. hxg4 Qf2# 0-1

[Event "London Classic Open 2016"]
[Site "London ENG"]
[Date "2016.12.09"]
[Round "1.97"]
[White "Jones, Steven A"]
[Black "Ignatovic, Ernest"]
[Result "1-0"]
[WhiteElo "2175"]
[BlackElo "1630"]
[WhiteFideId "419630"]
[BlackFideId "12806986"]
[EventDate "2016.12.09"]

1. e4 e6 2. d4 d5 3. Nc3 Bb4 4. e5 Ne7 5. Bd2 b6 6. Nf3 Bxc3 7. Bxc3 Ba6 8. Bxa6
Nxa6 9. b4 c5 10. dxc5 bxc5 11. b5 Nb8 12. O-O Nd7 13. a4 Qc7 14. Qe2 O-O 15.
Bd2 Nf5 16. c4 dxc4 17. Rfc1 Nd4 18. Nxd4 cxd4 19. Rxc4 Qxe5 20. Qxe5 Nxe5 21.
Rxd4 Rfc8 22. Bf4 Nc4 23. Rd7 e5 24. Be3 Nxe3 25. fxe3 Rc4 26. Re7 Kf8 27. Rxe5
Re8 28. Rxe8+ Kxe8 29. Kf2 Kd7 30. Rd1+ Kc7 31. Rd4 Rc5 32. Kf3 Rf5+ 33. Ke4 Rf2
34. Rc4+ Kb6 35. Rc6+ Ka5 36. Ra6+ Kb4 37. Rxa7 Rxg2 38. b6 Kc5 39. b7 Rb2 40.
a5 Kc6 41. a6 Kc7 42. Ra8 Rb4+ 43. Kf3 1-0

[Event "London Classic Open 2016"]
[Site "London ENG"]
[Date "2016.12.09"]
[Round "1.98"]
[White "Witt, Holger"]
[Black "Bird, Joel"]
[Result "0-1"]
[WhiteElo "1628"]
[BlackElo "2171"]
[WhiteFideId "24678139"]
[BlackFideId "429252"]
[EventDate "2016.12.09"]

1. c4 e5 2. Nc3 Nc6 3. Nf3 Nf6 4. d4 exd4 5. Nxd4 Bb4 6. Nxc6 bxc6 7. Bg5 h6 8.
Bh4 O-O 9. e3 g5 10. Bg3 Ne4 11. Qc2 Qf6 12. Rc1 Bxc3+ 13. bxc3 Nxg3 14. hxg3 d6
15. Bd3 Bd7 16. Be4 Rfe8 17. O-O Rab8 18. Rb1 Kg7 19. Rxb8 Rxb8 20. Qa4 Rb2 21.
Bxc6 Bg4 22. Bf3 Bxf3 23. gxf3 Qxf3 24. Qxa7 c5 25. a4 Rc2 26. Qb8 Rxc3 27. Qxd6
Rxc4 28. a5 Rc2 29. a6 Ra2 30. Qxc5 Rxa6 31. Qc3+ Rf6 32. Qb2 h5 33. Qe5 Kg6 34.
Qe8 h4 35. Qg8+ Kf5 36. Qc8+ Re6 37. Qc5+ Kg4 38. Kh2 hxg3+ 39. Kg1 Kh3 0-1